| 000 | 00607nam a2200229 a 4500 | ||
|---|---|---|---|
| 001 | BRCA_4124 | ||
| 005 | 20190320204543.0 | ||
| 008 | 130410s1952----enka######---#000-0#eng-# | ||
| 041 | _aeng | ||
| 044 | _aenk | ||
| 050 | 4 |
_aF1215 _b.S33 1952 |
|
| 100 | 1 |
_aSkeaping, John Rattenbury _910658 |
|
| 245 | 1 | 0 |
_aThe Big Tree of Mexico _cJohn Skeaping. |
| 260 |
_aLondon _bTurnstile _c1952 |
||
| 300 |
_a234 p. _bil. _c21 cm. |
||
| 500 | _aC153 | ||
| 650 | 1 | 4 |
_aIndios de México _910659 |
| 650 | 1 | 4 |
_aViajeros ingleses _97018 |
| 651 | 4 |
_aMéxico _xDescripción y viajes _9103 |
|
| 902 | _aGFM | ||
| 942 |
_2lcc _cB |
||
| 999 |
_c3840 _d3840 |
||